| 000 | 00470cam a2200205ua 4500 | ||
|---|---|---|---|
| 001 | 8690 | ||
| 005 | 20260515114351.0 | ||
| 008 | 150212n ii |||gr||||Z||||||eng | ||
| 020 | _a978935012114 | ||
| 040 | _cMAIN | ||
| 041 | _aeng | ||
| 082 | _a823 | ||
| 100 |
_aHardy, T., _eAuthor., |
||
| 245 | 1 |
_aSelected short stories _cBy Thomas Hardy |
|
| 250 | _a1st. | ||
| 260 |
_aNew Delhi: _bLittle, _c2011. |
||
| 300 | _a320p. | ||
| 653 | _aEnglish fiction | ||
| 942 | _cBK | ||
| 999 |
_c7782 _d7782 |
||